XXXI Informe sobre la política de competencia 2001, XXXI

Gardado en:
Detalles Bibliográficos
Autor Corporativo: Comisión Europea (Author)
Formato: Libro
Idioma:Lingua castelá
Publicado: Luxemburgo Oficina de Publicaciones Oficiales de las Comunidades Europeas 2002
Subjects:
Tags: Engadir etiqueta
Sen Etiquetas, Sexa o primeiro en etiquetar este rexistro!

MARC

LEADER 00000nam a2200000 a 4500
001 UCL0755
003 CL-VaPUC
008 030818e20020000LU |||||||||||||||||spa|d
020 |a 9289435437 
082 0 4 |a 337.142  |b COM  |2 21 
110 2 |a Comisión Europea  |e author  |9 477488 
245 1 0 |a XXXI Informe sobre la política de competencia 2001, XXXI 
300 |a 421 p 
942 |c BK 
945 |d 20030818 00:00:00  |a cmena 
260 |a Luxemburgo  |b Oficina de Publicaciones Oficiales de las Comunidades Europeas  |c 2002 
600 0 7 |a UNION EUROPEA  |2 CL-VaPUC  |9 320734 
650 0 |a Economía   |9 255568 
650 0 |a Política  |9 255312 
650 0 |a Empresas   |9 255569 
650 7 |a NORMAS  |2 CL-VaPUC  |9 259606 
650 0 |a Mercados  |9 338624 
650 7 |a SUBSIDIOS  |2 CL-VaPUC  |9 349046 
650 0 |a Monopolios  |9 255549 
650 0 |a Estado  |9 255503 
650 0 |a Información  |9 256927 
583 |a last modification  |c 20030818 00:00:00  |k Rodrigo Vera 
999 |c 304538  |d 304536 
952 |0 0  |1 0  |4 0  |6 337_142000000000000_COM_2002  |7 0  |8 A  |9 366901  |a BIBDER  |b BIBDER  |d 2019-11-21  |i 3905683  |o 337.142 COM 2002  |p 3905683  |r 2023-01-25  |w 2019-11-21  |y BK  |k DER